000 00719nam a2200253Ia 4500
003 OSt
005 20220930203501.0
006 a|||||r|||| 00| 0
007 ta
008 220926b |||||||| |||| 00| 0 hin d
024 _a74508
037 _cDissertations
040 _aCRL
_cCRL
_bhin
041 _2hin
_ahin
100 _aTiwari Shipra
110 _aUniversity of Delhi. Faculty of Arts. Department of Hindi
245 0 _aRaghuvir Sahai ki kahaniyan
_b Samvedna aur shilp
260 _c1986
300 _a124p.
_ccm.
650 _aHINDI LITERATURE
_923866
700 _aUniversity of Delhi. Faculty of Arts. Department of Hindi
942 _cDIS
_2CC
999 _c904689
_d904689